000 00483nam a2200181Ia 4500
001 9884
005 20260306161751.0
008 260306t2015||||xx |||||||||||||| ||spa||
041 _aESP
082 _a808.027
_bA53V
100 _aAmerican Psychological Association
_eAUT
245 0 _aManual de publicaciones de la American Psychological Association
260 _c2015
300 _axviii, 260 páginas :
_c21 cm.
650 _aGEN
654 _aCHU
942 _cLIB
_dJUS
_fJUS
_2ddc
_n
999 _c9884
_d9884